[Event "GER-ch 70th"]
[Site "Bremen"]
[Date "1998.11.07"]
[Round "2"]
[White "Heinemann, Thies"]
[Black "Knaak, Rainer"]
[Result "1-0"]
[WhiteElo "2495"]
[BlackElo "2555"]
[Annotator "Knaak,R"]
[PlyCount "95"]
[EventDate "1998.11.06"]
[EventType "swiss"]
[EventRounds "9"]
[EventCountry "GER"]
[SourceTitle "CBM 068"]
[Source "ChessBase"]
[SourceDate "1999.02.01"]
[SourceVersion "1"]
[SourceVersionDate "1999.02.01"]
[SourceQuality "1"]

1. e4 e6 2. d4 d5 3. Nd2 c5 4. exd5 exd5 5. Ngf3 Nf6 6. Bb5+ Bd7 7. Bxd7+ Nbxd7
8. O-O Be7 9. dxc5 Nxc5 10. Nd4 Qd7 11. N2f3 O-O 12. Bf4 Bd6 {Der Abtausch der
Läufer ist sehr solide, aber möglich ist auch 12...g6.} 13. Bxd6 (13. Ne5 Qe8)
13... Qxd6 14. Nf5 Qd7 15. Ne3 Rfe8 16. c3 Rad8 17. Qc2 Qe6 (17... Ng4 $1 18.
Nxg4 Qxg4 {sieht sehr remislich aus.}) 18. Rad1 $14 Qe4 19. Rd2 Qf4 20. Rd4
Nce4 21. Rfd1 {Der Druck auf d5 ist nun sehr stark - Schwarz braucht
Gegenspiel.} g5 $1 22. h3 h5 23. Nh2 $1 Qe5 ({Das "logische"} 23... g4 {
scheitert leider an} 24. hxg4 hxg4 25. Nhxg4 $1 Nxg4 26. Nxg4 Qxg4 27. f3 $16 {
+-}) 24. Nhf1 $1 {Das Springermanöver Nf3-h2-f1 erschien mir während der
Partie mehr als Notidee, aber in Wirklichkeit ist es sehr stark, denn der
Springer stand auf f3 soundso nicht so gut; außerdem liegt immer f2-f3 in der
Luft.} Rd6 (24... g4 25. hxg4 hxg4 26. f3 $1) 25. Qd3 g4 ({Nach} 25... Red8 26.
f3 Nc5 27. Qd2 {ist auch g5 schwach.}) 26. hxg4 Nxg4 27. Nxg4 hxg4 28. Rxd5
Rxd5 29. Qxd5 $16 Qf4 30. Qd4 Re6 31. Re1 Qf5 32. Re2 b6 33. b3 Qh7 {Etwa hier
blickte ich etwas genauer auf die elektronische Garde-Uhr und war sehr
erschrocken - noch knapp über 1 Minute statt der erwarteten drei Minuten von
der Analog-Anzeige.} (33... Kh7 $5) 34. Re3 $1 $18 (34. Nh2 {war mein Wunsch.}
Rd6 $1 35. Qe3 (35. Qxe4 $4 Rd1+ 36. Nf1 Rxf1+ 37. Kxf1 Qh1#) 35... f5 $13)
34... Kf8 35. Qd7 $2 {Der überraschte mich und die Folge war ein grober Patzer.
} Rh6 $2 ({Nach} 35... Qf5 {hat Weiß technische Schwierigkeiten.} 36. Re2 g3 $5
) 36. Qc8+ $18 Kg7 37. Qxg4+ Kf8 38. Qc8+ Kg7 39. Ng3 Nd6 40. Qg4+ Kf8 41. Qd1
Qg6 42. Qd3 Qg4 43. c4 Qg7 44. Re1 Qh8 45. Kf1 Qf6 46. Qe3 Qh4 47. Qf3 Rf6 48.
Qh5 1-0

[Event "Munich SKA"]
[Site "Munich"]
[Date "1994.05.26"]
[Round "5"]
[White "Beliavsky, Alexander G"]
[Black "Bareev, Evgeny"]
[Result "1-0"]
[WhiteElo "2650"]
[BlackElo "2685"]
[Annotator "Knaak,R"]
[PlyCount "45"]
[EventDate "1994.05.21"]
[EventType "tourn"]
[EventRounds "11"]
[EventCountry "GER"]
[EventCategory "16"]
[SourceTitle "CBM 042"]
[Source "ChessBase"]
[SourceDate "1994.10.01"]
[SourceVersion "1"]
[SourceVersionDate "1994.10.01"]
[SourceQuality "1"]

1. e4 e6 2. d4 d5 3. Nd2 c5 4. exd5 exd5 5. Bb5+ Bd7 6. Qe2+ Qe7 7. Bxd7+ Nxd7
8. dxc5 Qxe2+ (8... Nxc5 9. Nb3 Qxe2+ 10. Nxe2 Nxb3 11. axb3 Bc5 12. Bd2 Ne7
13. Nf4 O-O 14. Nd3 Bb6 15. Bb4 Rfe8 16. Bxe7 Rxe7+ 17. Kd2 $14) 9. Nxe2 Bxc5
10. Nb3 Bb6 11. Bf4 Ngf6 12. f3 O-O 13. O-O-O Rac8 (13... Rfc8 14. Nbd4 $6 (14.
Nc3 $1) 14... g6 15. g4 a6 16. Bg3 Re8 17. b3 Rac8 18. Kb2 Ne5 $10 {Balashov,
Y-Kortschnoj,V/Bad Lauterberg/1979/}) (13... a5 $5) (13... Nc5 14. Nxc5 Bxc5
15. Rd3 $14) 14. Nc3 $1 $16 {6...Qe7 bleibt eine zweifelhafte Variante. A hard
blow against the line with 6...Qe7.} Rc4 15. Bg3 Rfc8 (15... Be3+ 16. Kb1 Nb6
17. Na5 $18) 16. Kb1 d4 $6 (16... Nf8 17. Rhe1 Ne6 18. Be5 d4 19. Nb5 Rxc2 20.
Nd6 R8c6 21. Nf5 R6c4 (21... Kh8 $5) 22. Nd2 Rc5 23. Bd6 Rxb2+ 24. Kxb2 Rxf5
25. Re5 $16 {Beliavsky}) 17. Nb5 $18 Rxc2 18. Nd6 R8c6 19. Nf5 Nd5 (19... R6c4
20. Nd2 $18) 20. Nbxd4 Rxg2 21. Nxc6 bxc6 22. Rhe1 N7f6 23. Nh4 1-0

[Event "Moscow"]
[Site "Moscow"]
[Date "1994.??.??"]
[Round "3"]
[White "Petkevich, Jusefs"]
[Black "Zlochevskij, Alexander"]
[Result "0-1"]
[WhiteElo "2445"]
[BlackElo "2485"]
[Annotator "Knaak,R"]
[PlyCount "86"]
[EventDate "1994.??.??"]
[EventType "tourn"]
[EventRounds "14"]
[EventCountry "RUS"]
[EventCategory "9"]
[SourceTitle "CBM 040"]
[Source "ChessBase"]
[SourceDate "1994.06.01"]
[SourceVersion "1"]
[SourceVersionDate "1994.06.01"]
[SourceQuality "1"]

1. d4 e6 2. e4 d5 3. Nd2 c5 4. exd5 exd5 5. Bb5+ Bd7 6. Qe2+ Be7 7. dxc5 Nf6 8.
Ngf3 O-O 9. O-O Re8 10. Bxd7 Nbxd7 11. Nb3 Bxc5 12. Qb5 $6 $146 (12. Qd3 $10)
12... Bb6 13. Bf4 $2 Re4 $1 14. Be3 (14. Bg5 $6 Rc4 {/\ 15...Rxc2, 15...a6})
14... Bxe3 15. fxe3 Nb6 $17 {>< Pe3} 16. Rfe1 (16. Nc5 Rxe3 17. Nxb7 Qc7 18.
Nc5 Nc4 $17) 16... Qe7 17. Qc5 Qe8 18. Nbd2 Re7 19. c3 Na4 20. Qb4 b6 21. Nf1
Rc8 22. Rad1 h6 23. Rd4 Nc5 24. N3d2 Re6 25. h3 Rc7 26. a4 Nb7 $1 {/\ Nd6-f5}
27. c4 Rc5 28. Nb3 $6 (28. cxd5 Nxd5 29. Qb3 Na5 30. Qd3 (30. Qa3 Nc6 $17)
30... Nc6 $1 $19) 28... a5 $19 29. Qd2 (29. Qc3 Rc7 $19) 29... Rxc4 30. Rxc4
dxc4 31. Nd4 Rd6 32. Qd1 Nc5 33. Ng3 Nxa4 34. Ngf5 Rd5 35. e4 Re5 36. Nd6 Qd7
37. Nxc4 Rxe4 38. Rxe4 Nxe4 39. Ne5 Nxb2 40. Nxd7 Nxd1 41. Nxb6 Ndc3 42. Kf1 a4
43. Nc2 Kf8 0-1

[Event "Tilburg"]
[Site "Tilburg"]
[Date "1994.??.??"]
[Round "1"]
[White "Barua, Dibyendu"]
[Black "Lputian, Smbat G"]
[Result "0-1"]
[WhiteElo "2495"]
[BlackElo "2590"]
[Annotator "Knaak,R"]
[PlyCount "70"]
[EventDate "1994.09.??"]
[EventType "k.o."]
[EventRounds "7"]
[EventCountry "NED"]
[SourceTitle "CBM 044"]
[Source "ChessBase"]
[SourceDate "1995.02.01"]
[SourceVersion "1"]
[SourceVersionDate "1995.02.01"]
[SourceQuality "1"]

1. e4 e6 2. d4 d5 3. Nd2 c5 4. exd5 exd5 5. Bb5+ Nc6 6. Qe2+ Be7 7. dxc5 Nf6 8.
Nb3 O-O 9. Be3 a6 10. Ba4 $146 Ne5 11. O-O-O Bd7 12. Bxd7 Qxd7 13. Nf3 Nc4 14.
Bd4 Ne4 {Einsteller?} (14... Rad8) 15. Bxg7 $1 Rfe8 $1 16. Bd4 $1 (16. Qxc4
dxc4 17. Rxd7 cxb3 18. Bd4 bxa2 19. b4 Rad8 $36) (16. Qxe4 Bg5+ 17. Nxg5 Rxe4
18. Nxe4 Kxg7 19. Nc3 $13) 16... Nc3 $1 17. Qd3 $16 (17. bxc3 Qa4 $1 (17...
Bg5+ 18. Be3 Nxe3 19. fxe3 Rxe3 20. Qd2 $18) 18. Rd3 Qxa2 $40) 17... Nxd1 18.
Rxd1 Qg4 19. h3 Qg6 20. Bc3 Bf8 21. Qxd5 Bh6+ 22. Kb1 Qe4 23. Qh5 Qg6 24. Qh4
Re2 25. Nbd4 Re4 26. g4 Bf8 27. Nf5 Rae8 28. a4 (28. Rd8 $5 Bxc5 $2 29. Ne5 $1
$18) 28... Bxc5 29. Rd7 Bf8 30. Rxb7 h6 31. Ng3 $2 Rf4 32. Nd4 $2 (32. Ne1 Rxf2
$13) 32... Rxd4 $1 33. Nh5 (33. Bxd4 Nd2+ 34. Kc1 (34. Ka2 Qxc2 $19) 34... Nf3
$19) 33... Nd2+ 34. Bxd2 Rxd2 35. Nf6+ Kh8 (35... Kh8 36. Nxe8 Qxc2+ $19) 0-1

[Event "EU-Cup 18th"]
[Site "Kallithea"]
[Date "2002.09.22"]
[Round "1.2"]
[White "Carlsson, Pontus"]
[Black "Nikolic, Predrag"]
[Result "0-1"]
[WhiteElo "2400"]
[BlackElo "2653"]
[Annotator "Kortschnoj,V"]
[PlyCount "59"]
[EventDate "2002.09.22"]
[EventType "team-swiss"]
[EventRounds "7"]
[EventCountry "GRE"]
[SourceTitle "CBM 092"]
[Source "ChessBase"]
[SourceDate "2003.02.06"]
[SourceVersion "1"]
[SourceVersionDate "2003.02.06"]
[SourceQuality "1"]
[WhiteTeam "Sollentuna"]
[BlackTeam "Kiseljak"]
[WhiteTeamCountry "SWE"]
[BlackTeamCountry "BIH"]

1. e4 e6 2. d4 d5 3. Nd2 a6 4. Ngf3 c5 5. exd5 exd5 6. Be2 c4 7. O-O Bd6 8. Re1
Ne7 9. b3 b5 10. a4 Bb7 {Apart from this natural move black, I think, can play
10...c3 11.Nf1 b4 hoping in spite of big lead in development of white to hold
the position and then eventually to exploit his space advantage.} 11. bxc4 bxc4
12. Bxc4 $5 (12. Ba3 {would lead to a position with about equal chances. The
piece sacrifice had been introduced into practice by famous grandmaster Efim
Geller, who managed to win this way a number of spectacular lightning games.})
12... dxc4 13. Nxc4 {Here after} (13. Nxc4 Nbc6 14. Nxd6+ Qxd6 15. Ba3 Qd5 16.
c4 Qxc4 17. Rc1 {or 17.d5 black can hardly survive. And throughout more than
30 years this position was considered lost for black. But the era of the
computers brings some wonders with itself...}) 13... Bb4 14. c3 {And now it is
obvious that after 14...Bxc3 15.Ba3 Bxe1 16.Nd6+ black is losing. But the
computer (and his conductor Pr. Nikolic!) has something else up his sleeve.}
Bd5 $3 {This move, to the best of my chess understanding, refutes the
brilliant idea of Geller.} 15. Qb3 {The move looks as the most natural, but
the computer would prefer a tricky 15.Nfd2!  He (it!!)points out a line which
leads to an equality:} (15. Nfd2 Bxc3 16. Ba3 Nbc6 17. Nd6+ Kf8 18. Nf5 Be6 $1
(18... Ra7 19. Qg4 g6 20. Nxe7 Nxe7 21. Rxe7 Rxe7 22. Bxe7+ Qxe7 (22... Kxe7
23. Qg5+ f6 24. Qe3+ $14) 23. Qc8+ Kg7 24. Qxc3 $14) 19. Nxe7 Nxe7 20. Rxe6
fxe6 21. Qf3+ Kg8 22. Bxe7 Qe8 23. Qxc3 Qxe7 24. Qc6 $11) 15... Bxc4 16. Qxb4
Bd5 17. Ne5 {17.Ba3 was called for. After} (17. Ba3 Nbc6 18. Qc5 (18. Qb7 Ra7
19. Rxe7+ Qxe7 20. Qc8+ Qd8 21. Re1+ Re7 $19) 18... Rc8 19. c4 Bxf3 20. gxf3
O-O 21. d5 Ne5 22. Qxe7 Nxf3+ 23. Kf1 Nxe1 24. Qxf8+ Qxf8 25. Bxf8 Kxf8 26.
Rxe1 Rxc4 27. Rb1 $1 Rxa4 28. d6 $1 {white would save the game.}) 17... f6 $1
18. Nc4 O-O $1 {Every move of black deserves an exclamation. 19.Rxe7 is not
possible because of Nc6; 19.Qxe7 leaves Nc4 unprotected.} 19. Ba3 Ra7 20. Nb6 (
{Or} 20. Rxe7 Nc6 21. Rxa7 Nxb4 22. Bxb4 Bxc4) 20... Bf7 $2 {In the position
full of tactical tricks black does not find the right way. He had to continue}
(20... Nbc6 21. Qc5 (21. Qd6 $2 Qxb6 22. Rxe7 Rd8 $19) 21... Bf7 22. d5 Ne5 $15
) 21. a5 $2 {Correct was, given by the computer,} (21. Rxe7 Nc6 22. Rd7 $1 Nxb4
23. Rxd8 Rxd8 24. Bxb4 a5 25. Bc5 Rb7 26. Rb1 Be8 27. Re1 $14) 21... Re8 {
Now black is out of danger - white does not have enough compensation for a
piece.} 22. Qa4 Rc7 23. c4 Nd7 24. d5 $2 {This move is bad. More stubborn was}
(24. Bd6 Rb7 25. c5) 24... Nc5 $17 25. Qd1 Nf5 26. Qg4 Bg6 27. Rad1 Re5 28.
Rxe5 fxe5 29. h3 Nd4 30. Kh2 {Black has an advantage. Still, white had no
reason to overstep the time limit...} 0-1

[Event "BL2-Ost 9899"]
[Site "Germany"]
[Date "1999.03.07"]
[Round "7.1"]
[White "Jansa, Vlastimil"]
[Black "Kosten, Anthony C"]
[Result "1/2-1/2"]
[WhiteElo "2490"]
[BlackElo "2515"]
[Annotator "Kosten,A"]
[PlyCount "51"]
[EventDate "1998.10.18"]
[EventType "team-tourn"]
[EventRounds "9"]
[EventCountry "GER"]
[SourceTitle "GER-chT2"]
[Source "ChessBase"]
[SourceDate "1999.07.01"]
[SourceVersion "1"]
[SourceVersionDate "1999.07.01"]
[SourceQuality "1"]
[WhiteTeam "Forchheim"]
[BlackTeam "Schott Mainz"]
[WhiteTeamCountry "GER"]
[BlackTeamCountry "GER"]

1. e4 e6 2. d4 d5 3. Nd2 c5 4. Ngf3 Nf6 5. exd5 exd5 6. Bb5+ Bd7 7. Bxd7+ Nbxd7
{I have always liked this variation of the Tarrasch French, as, although White
has exchanged a piece, and it is normally a good plan to do this when the
opponent has an isolated queen's pawn, the exchanged piece (the light-squared
bishop) can often become a problem for Black. Without it, Black no longer has
to worry about 'good knight versus bad bishop' endgames.} 8. O-O Be7 9. dxc5
Nxc5 10. Nd4 Qd7 11. N2f3 O-O 12. Bg5 $5 {This is Jansa's pet move, and as far
as I am aware, he is the only strong player who plays it. The idea is to
exchange a further piece, but I can't believe it causes Black any problems as
his dark-squared bishop will become a strong piece. In fact, whilst preparing
for this game, I saw two recent games where Jansa played this way, and I
immediately decided to play the French against him.} (12. Ne5 {as played by
Botvinnik, is the normal move here.}) 12... Nce4 13. Bxf6 Bxf6 {Psakhis played}
(13... Nxf6 {instead, against Jansa, and, according to my opponent, explained
afterwards that the knight is required on f6 to defend the d5-pawn, and the
bishop must come to c5. Psakhis is a great expert on the French Defence, so he
may be right. However, everyone is entitled to their opinion, of course, and I
wanted to see why Black cannot keep his knight on the active e4-square.}) 14.
c3 Rfe8 15. Qc2 a6 16. Rad1 b5 {This is a standard plan in this variation,
sometimes the black knight can be brought to c4 when the white queenside will
be under pressure.} 17. Ne2 Rad8 {I had a long, hard, look at} ({the active
move} 17... Rac8 $5 {, at first it seems that Black must lose a pawn by} 18.
Nf4 d4 19. Ne2 {but then Black has the move} ({but} 19. Nh5 {is more annoying
for black, and finally I decided not to 'play with fire'.}) 19... b4 $1 {
when the pin on the c-line is as important as that on the d-file}) 18. Ng3 {
Afterwards, my opponent felt that} (18. a3 {would have been more precise, but
I don't think that White can be better- Black is too active.}) 18... Nxg3 {
This leads to a complete draw, which, as it is an important match, should be a
good result with black, but, under different circumstances I would have tried}
(18... Qg4) 19. hxg3 Qg4 {The queen takes an unusual route towards the
c4-square. I suppose that} (19... Qc6 {would amount to the same.}) 20. Rd2 Qc4
$1 {This is the point, Black threatens to take the a-pawn, and ...b4, and ...
d4, are also possible.} 21. Qb3 {If} (21. a3 {then} d4 22. cxd4 Qxc2 23. Rxc2
Bxd4 {draws immediately.}) 21... Qxb3 22. axb3 b4 23. cxb4 Rb8 $1 {I wanted to
play} (23... Re4 {but unfortunately White can play} 24. Re1 $1 {and if} Rxb4 {
then} 25. Rxd5 $1 {because of the back-rank mate. Black is still drawing, of
course, but may have a little work ahead of him.}) 24. Ra1 Rxb4 25. Rxa6 Rxb3
26. Rd6 {After the game my opponent said that he thought I wouldn't have known
about his previous two games in this line, because they hadn't been published.
In fact, they were the only two games I looked at!} 1/2-1/2

[Event "EU-ch 12th"]
[Site "Aix les Bains"]
[Date "2011.03.22"]
[Round "1"]
[White "Csiba, Dominik"]
[Black "Zvjaginsev, Vadim"]
[Result "1/2-1/2"]
[WhiteElo "2378"]
[BlackElo "2663"]
[Annotator "Marchand,A/Primel,D"]
[PlyCount "119"]
[EventDate "2011.03.22"]
[EventType "swiss"]
[EventRounds "11"]
[EventCountry "FRA"]
[SourceTitle "CBM 142 Extra"]
[Source "ChessBase"]
[SourceDate "2011.06.27"]
[SourceVersion "1"]
[SourceVersionDate "2011.06.27"]
[SourceQuality "1"]
[TimeControl "40/5400+30:1800+30"]

1. e4 e6 2. d4 d5 3. Nd2 a6 (3... Nf6) (3... c5) 4. Ngf3 c5 5. exd5 exd5 6.
dxc5 Bxc5 7. Nb3 Bb6 (7... Ba7 8. Bd3 $32) 8. Bd3 Qe7+ 9. Qe2 Qxe2+ ({RR} 9...
Nc6 10. c3 Bg4 11. O-O Qxe2 12. Bxe2 Nf6 13. h3 Bh5 14. Bf4 h6 15. Rfe1 O-O-O
16. Ne5 Bxe2 17. Rxe2 Rhe8 18. Rae1 g5 19. Be3 Rxe5 20. Bxb6 Rde8 21. Be3 Nh5
22. Nc1 f5 23. Kf1 f4 24. Bc5 {Hjartarson,J (2634)-Nikolic,P (2643)/Qaqortoq
2003/EXT 2004/1/2-1/2 (49)}) 10. Kxe2 Nf6 11. Re1 {[%cal Ge2f1,Ge1e8]} ({RR} 
11. Be3 Bxe3 12. Kxe3 O-O 13. Rae1 Nc6 14. Nfd4 Ne5 15. Kd2 Re8 16. Re2 Nc4+
17. Kc1 Rxe2 18. Nxe2 Ng4 19. f3 Nge3 20. Rg1 Bf5 21. Nbd4 Re8 22. g4 Bxd3 23.
cxd3 Nd6 24. Kd2 Kf8 25. b3 h5 {Doncevic,D (2360)-Cabrilo,G (2480)/Royan 1989/
EXT 1997/1-0 (32)}) 11... O-O 12. Kf1 $32 {[%csl Ra8,Rb8,Rc8]} Bg4 (12... Nc6
13. Be3 Bxe3 14. Rxe3 Nb4) 13. Ne5 (13. Nbd4) 13... Be6 14. Be3 (14. a4 $5 {
[%cal Ga4a5]}) 14... Bc7 15. Bd4 {[%csl Gd4]} Ne4 $146 (15... Re8 {Garcia
Martinez,S-Sorri,K WchT U26 fin-B 14th 1967 (2.1) 1/2}) 16. Bxe4 (16. f3 f6)
16... dxe4 17. Rxe4 Bd5 18. Ree1 f6 19. Ng4 Nc6 20. Bc3 Bb6 21. Ne3 Be6 22. Nd2
Rae8 (22... Kf7 {[%cal Gf8e8]}) 23. a3 Bc7 24. Nf3 Rd8 25. Rad1 Bb6 26. Rd2
Rxd2 27. Nxd2 Ba7 28. Nec4 Bd5 29. Na5 Nxa5 30. Bxa5 Rc8 31. c3 Kf7 32. Bb4 Re8
33. Rxe8 Kxe8 34. c4 Bc6 35. f3 Be3 36. Nb1 Ba4 37. Nc3 Bb3 38. c5 f5 39. Ke2
Bc1 40. Nd1 Bxd1+ $1 {le Bb4 n'est pas trés bon} 41. Kxd1 Bxb2 42. Kc2 Bd4 (
42... Be5) 43. Kd3 Bg1 44. h3 Kd7 45. Kc4 Kc6 46. a4 g6 $17 {[%csl Rb4,Rc5]}
47. Ba3 Be3 48. Bb4 Bf2 49. Ba3 a5 50. Bb2 Bxc5 51. Bc3 Bb6 52. Bd2 Bd8 53. Bc3
(53. g4) 53... h5 54. Bd2 b6 55. Be3 Be7 56. Bd4 Bb4 57. Be3 Bc5 58. Bf4 Bd6
59. Be3 Bg3 60. Bd2 {Dominique PRIMEL} 1/2-1/2

[Event "EU-chT (Men) 18th"]
[Site "Porto Carras"]
[Date "2011.11.09"]
[Round "7.3"]
[White "Carlsson, Pontus"]
[Black "Firat, Burak"]
[Result "1/2-1/2"]
[WhiteElo "2502"]
[BlackElo "2393"]
[Annotator "Marin,M"]
[PlyCount "61"]
[EventDate "2011.11.03"]
[EventType "team-swiss"]
[EventRounds "9"]
[EventCountry "GRE"]
[SourceTitle "CBM 146"]
[Source "ChessBase"]
[SourceDate "2012.01.18"]
[SourceVersion "1"]
[SourceVersionDate "2012.01.18"]
[SourceQuality "1"]
[WhiteTeam "Sweden"]
[BlackTeam "Turkey"]
[WhiteTeamCountry "SWE"]
[BlackTeamCountry "TUR"]

1. e4 e6 2. d4 d5 3. Nd2 c5 4. exd5 exd5 5. Bb5+ Bd7 6. Bxd7+ Nxd7 7. Ne2 Ngf6
8. O-O Be7 9. dxc5 Nxc5 10. Nd4 Qd7 11. N2b3 Nce4 12. f3 Nd6 13. Nc5 Qc8 14.
Nd3 O-O 15. b3 {Against the QG isolani (with a white pawn on the e-file
instead of the c-file), the Queen's fianchetto is a natural plan. Here, it
should be regarded as less effective, because White is left with a backward
pawn on the c-file.} Nf5 $5 {The player with an isolani usually avoids any
minor piece exchanges. The last move may be justified, though, by White's
weaknesses on e3 and c3.} ({The usual continuation is} 15... Bd8 {followed by .
..Bb6.}) 16. Nxf5 Qxf5 17. Re1 Rfe8 18. Bb2 Nd7 19. Qd2 Bf6 20. Bxf6 Nxf6 21.
Rxe8+ Rxe8 22. Re1 Qc8 23. Rxe8+ Qxe8 24. c3 h6 25. Nf4 Qe5 26. Ne2 a6 27. Nd4
Nd7 28. Ne2 Nf8 29. Nf4 Qg5 30. Qd4 Ne6 31. Nxe6 1/2-1/2

[Event "EU-chT (Men) 19th"]
[Site "Warsaw"]
[Date "2013.11.12"]
[Round "5.2"]
[White "Fedorchuk, Sergey A"]
[Black "Szabo, Gergely Andras"]
[Result "1/2-1/2"]
[WhiteElo "2666"]
[BlackElo "2548"]
[Annotator "Marin,M"]
[PlyCount "92"]
[EventDate "2013.11.08"]
[EventType "team-swiss"]
[EventRounds "9"]
[EventCountry "POL"]
[SourceTitle "CBM 158"]
[Source "ChessBase"]
[SourceDate "2014.01.16"]
[SourceVersion "1"]
[SourceVersionDate "2014.01.16"]
[SourceQuality "1"]
[WhiteTeam "Ukraine"]
[BlackTeam "Romania"]
[WhiteTeamCountry "UKR"]
[BlackTeamCountry "ROU"]

1. e4 e6 2. d4 d5 3. Nd2 c5 4. dxc5 $2 {A surprising move at this level. White
should wait with this exchange until Black moves with his bishop or else plays
...a6.} ({They will get into the following old-fashioned line with a tempo
down:} 4. exd5 exd5 5. Ngf3 Nc6 6. Bb5 Bd6 7. dxc5 Bxc5 8. Nb3 Bb6) 4... Bxc5
5. exd5 exd5 6. Nb3 Bb6 7. Bb5+ Nc6 8. Qe2+ Nge7 9. Bg5 h6 10. Bh4 {Something
surely went wrong for White. In the usual lines (with dxc5 at the right moment)
the bishop should go to e3, neutralising its counterpart on b6.} Be6 11. Nf3
O-O 12. O-O Qc8 13. Bxe7 Nxe7 14. Nfd4 Nc6 15. c3 Bg4 {Black has achieved a
dream position.} 16. Qd2 Ne5 17. h3 Bh5 18. Qf4 Qc7 19. Qh4 Bg6 20. f4 Bd3 21.
Bxd3 Nxd3 22. Kh1 Qd8 23. Qh5 Qd6 24. Nf5 Qf6 25. Rf3 Nf2+ 26. Kh2 Ne4 27. Nbd4
Rad8 28. Rd1 Bc7 29. Kg1 Bb6 30. Ne3 Qd6 31. Ndf5 Bxe3+ 32. Nxe3 Qb6 33. Kh2
Nf6 34. Qh4 Qe6 35. Rd4 Rfe8 36. Kg1 Ne4 37. f5 Qb6 38. Kh2 Ng5 39. Rg3 Re4 40.
Rxe4 dxe4 41. Qf4 Qxb2 42. h4 Nf3+ 43. Kh3 Ng1+ 44. Kh2 Nf3+ 45. Kh3 Ng1+ 46.
Kh2 Nf3+ 1/2-1/2